Cities of the game Ticket to Ride on a Map - Statistics

General Stats
  • This quiz has been taken 19 times
  • The average score is 32 of 36
Answers on the Map
Answers color-coded by a green-red scale on the quiz's map according to % correct below.
 
Answer Stats
City % Correct
Atlanta
100%
Boston
100%
Chicago
100%
Denver
100%
El Paso
100%
Houston
100%
Las Vegas
100%
Los Angeles
100%
New York
100%
San Francisco
100%
Toronto
100%
Calgary
91%
Dallas
91%
Kansas City
91%
Little Rock
91%
Miami
91%
Nashville
91%
New Orleans
91%
Oklahoma City
91%
Phoenix
91%
Pittsburgh
91%
Portland
91%
Salt Lake City
91%
Santa Fe
91%
Seattle
91%
Winnipeg
91%
Montréal
82%
Raleigh
82%
Saint Louis
82%
Vancouver
82%
Washington D.C.
82%
Duluth
73%
Helena
73%
Omaha
73%
Sault Sainte Marie
73%
Charleston
64%
No matching quizzes found
Score Distribution
Percent of People with Each Score
Percentile by Number Answered
Your Score History
You have not taken this quiz